| 000 | 00590cam a22001451 4500 | ||
|---|---|---|---|
| 082 |
_a950 _bBLA |
||
| 100 | 1 |
_aBlacker, Latham Valentine Stewart, _950292 |
|
| 245 | 1 | 0 |
_aOn secret patrol in high Asia, _cby L. V. S. Blacker...with an introduction by Major-General Sir George Young-husband... |
| 260 |
_aLondon, _bJ. Murray, _c1922. |
||
| 300 |
_axiv, 302 p. _bfront., plates, maps (part fold.) _c23 cm. |
||
| 526 |
_a0 _b0 _c0 _d950_000000000000000_BLA |
||
| 650 | 0 |
_aWorld War, 1914-1918 _zAsia, Central. _950293 |
|
| 856 | 4 | 1 | _uhttp://www.loc.gov/catdir/toc/fy0716/22011750.html |
| 942 |
_2ddc _cBK |
||
| 999 |
_c553016 _d553016 |
||